<?xml version="1.0" encoding="utf-8"?>
<?xml-stylesheet type='text/xsl' href='./oai2.xsl'?>
<OAI-PMH xmlns="http://www.openarchives.org/OAI/2.0/" xmlns:xsi="http://www.w3.org/2001/XMLSchema-instance" xsi:schemaLocation="http://www.openarchives.org/OAI/2.0/ http://www.openarchives.org/OAI/2.0/OAI-PMH.xsd">
  <responseDate>2026-06-05T07:05:16Z</responseDate>
  <request verb="GetRecord" metadataPrefix="marcxml" identifier="record_kuniweb_23474">https://kulturerbe.niedersachsen.de/oai</request>
  <GetRecord>
    <record>
      <header>
        <identifier>record_kuniweb_23474</identifier>
        <datestamp>2026-03-31T19:09:18Z</datestamp>
        <setSpec>slg0116</setSpec>
      </header>
      <metadata>
        <marc:record xmlns:marc="http://www.loc.gov/MARC21/slim" xsi:schemaLocation="http://www.loc.gov/MARC21/slim http://www.loc.gov/standards/marcxml/schema/MARC21slim.xsd">
          <marc:leader>12345nrm  22     uu 4500</marc:leader>
          <marc:controlfield tag="001">23474</marc:controlfield>
          <marc:controlfield tag="003">http://kuniweb.gbv.de</marc:controlfield>
          <marc:controlfield tag="005">2024-10-08T12:19:51</marc:controlfield>
          <marc:controlfield tag="008">|           ||||||||||||||||||||||</marc:controlfield>
          <marc:datafield tag="245" ind1="1" ind2="0">
            <marc:subfield code="a">Ofenplatte, Darstellung: Wappen der Welfen mit Wahlsprüchen</marc:subfield>
          </marc:datafield>
          <marc:datafield tag="655" ind1=" " ind2="7">
            <marc:subfield code="a">Alltagskultur</marc:subfield>
          </marc:datafield>
          <marc:datafield tag="046" ind1=" " ind2=" ">
            <marc:subfield code="k">1794</marc:subfield>
            <marc:subfield code="k">1794</marc:subfield>
          </marc:datafield>
          <marc:datafield tag="260" ind1=" " ind2=" ">
            <marc:subfield code="g">1794</marc:subfield>
            <marc:subfield code="g">1794</marc:subfield>
          </marc:datafield>
          <marc:datafield tag="300" ind1=" " ind2=" ">
            <marc:subfield code="a">Höhe: 50 cm
Breite: 44 cm</marc:subfield>
          </marc:datafield>
          <marc:datafield tag="520" ind1=" " ind2=" ">
            <marc:subfield code="a">Ofenplatte mit dem Wappen der Welfen, datiert 1794. In der Mitte das vierteilige Wappen, gehalten von einem gekrönten Löwen links und einem Einhorn rechts,  mit folgenden Darstellungen (v.l.n.r.): links oben: geteiltes Viertel: aufgerichteter Löwe und drei schreitende Löwen übereinander.
oben rechts: drei Lilien; unten rechts: dreigeteiltes Viertel: unten das springende Pferd, darüber links zwei schreitende Löwen, rechts ein aufgerichteter Löwe. Unten links eine Harfe, der eine Holm in Gestalt einer Frau/Göttin. Um das Wappen Kranz mit Inschrift 2, darunter Spruchband mit Inschrift 3, im äußeren Oval Inschrift 1.  Die Darstellung wird gerahmt von einem hohl gegossenen Rahmen, in den vier Ecken des Bildes je eine stilisierte (Luther-)Rose. Über der Darstellung ein V (= U) für Uslar. Unter der Darstellung Jahreszahl. 
 (Stadtmuseum Einbeck)

Inschrift:
1. NEC ASPERA TERRENT GEORG III D G (...) 2. HONI SOIT QUI MAL Y PENSE 3. DIEU ET MON DROIT (1. Umschrift in einem äußeren ovalen Schriftband 2. Umschrift im Kranz direkt um das Wappen 3. in einem Spruchband unter dem Wappen)</marc:subfield>
          </marc:datafield>
          <marc:datafield tag="650" ind1="1" ind2=" ">
            <marc:subfield code="a">Wärmeerzeuger &gt; Heizung &gt; Ofenplatte</marc:subfield>
          </marc:datafield>
          <marc:datafield tag="650" ind1="1" ind2=" ">
            <marc:subfield code="a">Ofenteile/Herdteile</marc:subfield>
          </marc:datafield>
          <marc:datafield tag="773" ind1="0" ind2=" ">
            <marc:subfield code="t">Sammlung Feuer und Licht</marc:subfield>
          </marc:datafield>
          <marc:datafield tag="852" ind1=" " ind2=" ">
            <marc:subfield code="a">Stadtmuseum Einbeck</marc:subfield>
          </marc:datafield>
          <marc:datafield tag="852" ind1=" " ind2=" ">
            <marc:subfield code="a">Uslar (Northeim, Niedersachsen)</marc:subfield>
          </marc:datafield>
          <marc:datafield tag="" ind1=" " ind2=" ">
            <marc:subfield code="a">Namensnennung - Weitergabe unter gleichen Bedingungen 4.0 International (CC BY-SA 4.0)</marc:subfield>
          </marc:datafield>
        </marc:record>
      </metadata>
    </record>
  </GetRecord>
</OAI-PMH>
